Historia de las creencias y de las ideas religiosas: desde la época de los descubrimientos hasta nuestros días
Saved in:
| Hovedforfatter: | |
|---|---|
| Format: | Bog |
| Sprog: | spansk |
| Udgivet: |
Barcelona
Herder
1996
|
| Fag: | |
| Tags: |
Tilføj Tag
Ingen Tags, Vær først til at tagge denne postø!
|
MARC
| LEADER | 00000nam a2200000 a 4500 | ||
|---|---|---|---|
| 001 | UCR8296 | ||
| 003 | CL-VaPUC | ||
| 008 | 980529e19960000SP |||||||||||||||||spa|d | ||
| 082 | 0 | 4 | |a 291 |b ELI |2 21 |
| 100 | 0 | |a Eliade, Mircea |e author |9 409950 | |
| 245 | 1 | 0 | |a Historia de las creencias y de las ideas religiosas: desde la época de los descubrimientos hasta nuestros días |
| 300 | |a 613 p | ||
| 942 | |c BK | ||
| 945 | |d 19980529 00:00:00 |a mvenant | ||
| 260 | |a Barcelona |b Herder |c 1996 | ||
| 650 | 0 | |a Religión |9 255164 | |
| 650 | 0 | |a Religiones antiguas |9 314285 | |
| 650 | 7 | |a TAOISMO |2 CL-VaPUC |9 323460 | |
| 650 | 7 | |a BUDISMO |2 CL-VaPUC |9 409951 | |
| 650 | 7 | |a SACRIFICIOS HUMANOS |2 CL-VaPUC |9 268051 | |
| 650 | 7 | |a INMORTALIDAD |2 CL-VaPUC |9 320467 | |
| 650 | 0 | |a Dioses |9 265645 | |
| 650 | 0 | |a Mitología |9 255719 | |
| 650 | 7 | |a TOTEM |2 CL-VaPUC |9 398007 | |
| 650 | 0 | |a Cosmogonía |9 268652 | |
| 650 | 0 | |a Cosmología |9 269138 | |
| 651 | 0 | |a China |9 257545 | |
| 651 | 7 | |a INDONESIA |2 CL-VaPUC |9 322227 | |
| 651 | 0 | |a Australia |9 262077 | |
| 651 | 0 | |a Japón |9 260391 | |
| 583 | |a last modification |c 19980529 00:00:00 |k Rodrigo Vera | ||
| 999 | |c 269753 |d 269751 | ||
| 952 | |0 0 |1 0 |2 ddc |4 0 |6 291_000000000000000_ELI_1996 |7 0 |8 A |9 303731 |a BIBART |b BIBART |d 2019-11-20 |i 343009K |l 4 |o 291 ELI 1996 |p 343009K |r 2025-03-13 |s 2022-10-03 |w 2019-11-20 |y BK |k ART | ||